000 00786nam a22002297i 4500
003 URS
005 20251001091327.0
020 _a978971959417
040 _cURS
_beng
_erda
050 1 4 _aKPM 3110
_b.B2245 2019
100 1 _aBanggawan, Rex B.
_eauthor
245 1 0 _aBusiness and transfer taxation :
_blaws, principles and applications with tax remedies /
_bby Rex B. Banggawan.
264 1 _aPasay City :
_bReal Excellence,
_c[2019]
300 _a 729 pages ;
_c23 cm
336 _atext
_btxt
_2rdacontent
337 _aunmediated
_bn
_2rdamedia
338 _avolume
_bnc
_2rdacarrier
650 0 _aBusiness enterprises
_xTaxation
_xLaw and legislation
_zPhilippines
650 0 _aBusiness tax
650 0 _aInheritance and transfer tax
_xLaw and legislation
_zPhilippines
942 _cF
_2lcc
999 _c68990
_d68990